Česku hrozí zánik každého desátého pracovního místa

Výhľady pre český trh práce na budúcich 20 rokov. V dôsledku nových technológií klesne počet pracovných pozícií a zmení sa aj náplň práce. Podpora sebazamestnávania. Rozšírenie ponuky ďalšieho vzdelávania.

Guardado en:
Detalles Bibliográficos
Formato: Capítulo de libro
Lenguaje:checo
Materias:
Etiquetas: Agregar Etiqueta
Sin Etiquetas, Sea el primero en etiquetar este registro!

MARC

LEADER 00000naa a2200000 4500
001 0231281
005 20170606142254.5
041 0 |a cze 
044 |a CZ 
245 1 0 |a Česku hrozí zánik každého desátého pracovního místa 
520 |a Výhľady pre český trh práce na budúcich 20 rokov. V dôsledku nových technológií klesne počet pracovných pozícií a zmení sa aj náplň práce. Podpora sebazamestnávania. Rozšírenie ponuky ďalšieho vzdelávania. 
610 2 0 |a trh práce 
610 2 0 |a miesta pracovné 
610 2 0 |a Česko 
610 2 0 |a technológie nové 
610 2 0 |a robotizácia